Normal view
MARC view
Entry Personal Name
001 - CONTROL NUMBER
- control field: 161252
003 - CONTROL NUMBER IDENTIFIER
- control field: OSt
005 - DATE AND TIME OF LATEST TRANSACTION
- control field: 20220923211647.0
008 - FIXED-LENGTH DATA ELEMENTS
- fixed length control field: 220923|| aca||aabn | a|a d
040 ## - CATALOGING SOURCE
- Original cataloging agency: OSt
- Transcribing agency: OSt
100 ## - HEADING--PERSONAL NAME
- Personal name: सनाढय, देवर्षि; त्रिपाठी, विश्वम्भरनाथ; द्विवेदी, दशरथ
670 ## - SOURCE DATA FOUND
- Source citation: Work cat.: (OSt)302317: सनाढय, देवर्षि; त्रिपाठी, विश्वम्भरनाथ; द्विवेदी, दशरथ, कादम्री, 1980
